| 000 | 00959cam a2200265 a 4500 | ||
|---|---|---|---|
| 999 |
_c2381 _d2381 |
||
| 001 | 15823 | ||
| 003 | BD-DhUAP | ||
| 005 | 20200224094854.0 | ||
| 008 | 050812s2006 nyua b 001 0 eng | ||
| 020 | _a0415363233 (hb : alk. paper) | ||
| 020 | _a0415363241 (pb : alk. paper) | ||
| 040 |
_aDLC _cDLC _dDLC _dBD-DhUAP |
||
| 082 | 0 | 0 |
_a720.1 HIL _223 |
| 100 | 1 | _aHill, Jonathan. | |
| 245 | 1 | 0 |
_aImmaterial architecture / _cJonathan Hill. |
| 260 |
_aNew York : _bRoutledge, Taylor & Francis Group, _cc2006. |
||
| 300 |
_axii, 227 pages : _billustrations ; _c26 cm. |
||
| 504 | _aIncludes bibliographical references and index. | ||
| 650 | 0 |
_aArchitecture _xPhilosophy. |
|
| 650 | 0 | _aImmaterialism (Philosophy) | |
| 650 | 0 | _aBuilding materials. | |
| 856 | 4 | 1 |
_3Table of contents only _uhttp://www.loc.gov/catdir/toc/ecip0517/2005023528.html |
| 856 | 4 | 2 |
_3Publisher description _uhttp://www.loc.gov/catdir/enhancements/fy0654/2005023528-d.html |
| 942 |
_2ddc _cBK |
||